| 000 | 00596nam a2200205 4500 | ||
|---|---|---|---|
| 001 | 143744 | ||
| 003 | ES-MaACL | ||
| 005 | 20250807062548.0 | ||
| 007 | t| | ||
| 008 | 070214n19501959sp r ||||1| spa d | ||
| 100 | 1 |
_aSeveron, Argimiro. _9105926 |
|
| 245 | 1 | 3 |
_aEl cáncer _b: sus causas, su prevención / _cDr. A. Severon. |
| 260 |
_aValencia : _bPastor, _c[195_?] |
||
| 300 |
_a85 p. ; _c17 cm. |
||
| 650 | 4 |
_910720 _aCáncer _xPrevención |
|
| 650 | 7 |
_aMedicina _2embne _914891 |
|
| 852 |
_aES-MaACL _bR.42499 _jC-15216 _9148935 _cFICH |
||
| 942 |
_2udc _cMONOGRAFIA |
||
| 999 |
_c143744 _d143744 |
||